<?xml version="1.0" encoding="UTF-8"?>
<collection xmlns="http://www.loc.gov/MARC21/slim">
 <record>
  <leader>01558nam a22002177a 4500</leader>
  <controlfield tag="001">NCT_4_022883</controlfield>
  <controlfield tag="008">200617b        xxu||||| |||| 00| 0 vie d</controlfield>
  <datafield tag="999" ind1=" " ind2=" ">
   <subfield code="c">9120</subfield>
   <subfield code="d">9120</subfield>
  </datafield>
  <datafield tag="020" ind1=" " ind2=" ">
   <subfield code="a">9786047750733</subfield>
   <subfield code="c">109000</subfield>
  </datafield>
  <datafield tag="082" ind1="0" ind2="4">
   <subfield code="2">23rd ed.</subfield>
   <subfield code="a">158.1</subfield>
   <subfield code="b">W642</subfield>
  </datafield>
  <datafield tag="100" ind1="0" ind2=" ">
   <subfield code="a">Wiest, Brianna</subfield>
  </datafield>
  <datafield tag="245" ind1="1" ind2="0">
   <subfield code="a">Một cuốn sách chữa lành :</subfield>
   <subfield code="b">Ở bên kia ánh sáng cuộc đời tôi muôn màu</subfield>
   <subfield code="c">Brianna Wiest ; Eimii Nguyen (dịch)</subfield>
  </datafield>
  <datafield tag="260" ind1=" " ind2=" ">
   <subfield code="a">H.</subfield>
   <subfield code="b">Thế giới</subfield>
   <subfield code="c">2024</subfield>
  </datafield>
  <datafield tag="300" ind1=" " ind2=" ">
   <subfield code="a">203 tr.</subfield>
   <subfield code="c">20cm</subfield>
  </datafield>
  <datafield tag="500" ind1=" " ind2=" ">
   <subfield code="a">Tên sách tiếng Anh: When you're ready, this is how you heal</subfield>
  </datafield>
  <datafield tag="520" ind1="3" ind2=" ">
   <subfield code="a">Ghi chép hành trình chữa lành của tác giả Brianna, từ một cô gái trẻ đầy tổn thương học cách vượt qua những biến cố, hàn gắn từng mảnh vỡ trong tâm hồn để trở thành người phụ nữ vững vàng và hạnh phúc trong hiện tại. Bạn sẽ không chỉ tìm thấy những câu chữ xoa dịu tâm hồn mà còn học được cách lắng nghe &quot;giọng nói nội tâm&quot; để buông bỏ những thành kiến cố hữu và thu hút những điều may mắn, tích cực trong cuộc sống</subfield>
  </datafield>
  <datafield tag="653" ind1=" " ind2=" ">
   <subfield code="a">Tham khảo</subfield>
  </datafield>
  <datafield tag="700" ind1="1" ind2=" ">
   <subfield code="a">Eimii Nguyen</subfield>
   <subfield code="e">Dịch</subfield>
  </datafield>
  <datafield tag="942" ind1=" " ind2=" ">
   <subfield code="2">ddc</subfield>
   <subfield code="c">BK</subfield>
  </datafield>
  <datafield tag="952" ind1=" " ind2=" ">
   <subfield code="0">0</subfield>
   <subfield code="1">0</subfield>
   <subfield code="2">ddc</subfield>
   <subfield code="4">0</subfield>
   <subfield code="6">158_100000000000000_W642</subfield>
   <subfield code="7">0</subfield>
   <subfield code="9">30956</subfield>
   <subfield code="a">000001</subfield>
   <subfield code="b">000001</subfield>
   <subfield code="d">2025-06-25</subfield>
   <subfield code="o">158.1 W642</subfield>
   <subfield code="p">TK.05476</subfield>
   <subfield code="r">2025-06-25</subfield>
   <subfield code="v">109000.00</subfield>
   <subfield code="w">2025-06-25</subfield>
   <subfield code="y">BK</subfield>
  </datafield>
  <datafield tag="980" ind1=" " ind2=" ">
   <subfield code="a">Thư viện Trường Đại học Nam Cần Thơ</subfield>
  </datafield>
 </record>
</collection>
